| 000 | 01238nam a22003857a 4500 | ||
|---|---|---|---|
| 001 | BR7502621 | ||
| 003 | BR-BrBNA | ||
| 005 | 20230928084746.0 | ||
| 007 | ta | ||
| 008 | 230509b bl.||||| |||| 00| 0 por d | ||
| 040 |
_aBR-BrBNA _bpor _cBiblioteca Nacional de Agricultura |
||
| 041 | _a(Por) | ||
| 072 |
_aQ10; E15 _b9410 _b9400 _b/G514 |
||
| 090 | _ 9410 BR7502621 | ||
| 100 | 1 | _aLima, F.A. de | |
| 100 | 1 | _aRibeiro, A.C.C. | |
| 100 | 1 | _aRibeiro, H.A.V. | |
| 100 | 1 | _aAlmeida, M.L. de | |
| 100 | 1 | _aRamos, R. da C. | |
| 110 | 1 |
_aBanco do Nordeste do Brasil S.A., Fortaleza, CE. Depto. de Estudos Economicos do Nordeste; _91157 |
|
| 110 | 1 |
_aSuperintendencia do Desenvolvimento do Nordeste, Recife, PE (Brasil). Depto. de Industria e Comercio _910157 |
|
| 245 | 1 | _aAspectos da economia leiteira e da industria de laticinios do nordeste [Brasil] | |
| 260 | 3 |
_aFortaleza, CE (Brasil): _c1975. |
|
| 300 | _a204 p. | ||
| 500 | _a62 tables; 14 ref. | ||
| 650 | _aTecnologia de alimento | ||
| 650 | _aMicroeconomia | ||
| 650 | _aLeite | ||
| 650 | _aProduto derivado do leite | ||
| 650 | _aEconomia da producao | ||
| 650 | _aLaticinio | ||
| 650 | _aNordeste | ||
| 909 |
_a202309 _bLucia _c55 _dLucia Elande |
||
| 942 | _cBK | ||
| 999 |
_c20927 _d20927 |
||